| 000 | 00441nam a2200181Ia 4500 | ||
|---|---|---|---|
| 005 | 20240823041335.0 | ||
| 008 | 240823s9999||||xx |||||||||||||| ||und|| | ||
| 041 | _aENGLISH | ||
| 082 | _A294.555 Q3 | ||
| 100 | _aNivedita Bhite | ||
| 245 | 0 | _aSwami Vivekanath Kha Jeevan Aur Sandesh | |
| 250 | _a1st | ||
| 260 |
_c2013 _bSwami Vivekanda Sarthsadhi S |
||
| 500 | _aDISPLAY | ||
| 650 |
_aHindi _bGeneral |
||
| 942 | _cBK | ||
| 999 |
_c205268 _d205268 |
||